F1 2021 Drivers - Statistics

General Stats
  • This quiz has been taken 454 times
  • The average score is 18 of 20
Answer Stats
Team Driver % Correct
Mercedes Lewis Hamilton
99%
Mercedes Valtteri Bottas
99%
Ferrari Charles Leclerc
98%
McLaren Lando Norris
98%
Red Bull Max Verstappen
98%
Ferrari Carlos Sainz
97%
Red Bull Sergio Perez
97%
AlphaTauri Pierre Gasly
95%
Aston Martin Sebastian Vettel
95%
Alpine Fernando Alonso
93%
McLaren Daniel Ricciardo
92%
Alpine Esteban Ocon
92%
Aston Martin Lance Stroll
91%
AlphaTauri Yuki Tsunoda
91%
Williams George Russell
90%
Haas Mick Schumacher
89%
Williams Nicholas Latifi
87%
Alfa Romeo Kimi Raikkonen
86%
Haas Nikita Mazepin
84%
Alfa Romeo Antonio Giovinazzi
72%
No matching quizzes found
Score Distribution
Percent of People with Each Score
Percentile by Number Answered
Your Score History
You have not taken this quiz